One Direction- I Want Lyrics - Statistics

General Stats
  • This quiz has been taken 113 times
  • The average score is 302 of 332
Answer Stats
Hint Answer % Correct
I
99%
want
99%
when
99%
that
98%
you
98%
a
97%
but
97%
me
96%
to
96%
be
94%
thats
94%
that's
94%
your
94%
every
93%
it
93%
not
93%
love
92%
the
92%
this
92%
Verse 1: give
91%
in
91%
say
91%
say)
91%
back
90%
by
90%
crazy
90%
kiss
90%
night
90%
take
90%
if
89%
loved
89%
blow
88%
different
88%
just
88%
things
87%
would
87%
and
85%
diamond
85%
girls
85%
look
85%
rings
85%
shoes
85%
brain
84%
insane
84%
of
84%
preoccupied
84%
could
83%
date
83%
inside
83%
word
83%
clothes
82%
find
82%
lots
82%
all
81%
stuff
81%
driving
80%
got
80%
you're
79%
at
75%
know
75%
need
75%
them
75%
have
74%
into
74%
everything
73%
for
72%
can't
70%
heard
70%
materials
69%
bet
67%
hand
67%
I've
67%
world
67%
clue
66%
hold
66%
wouldn't
66%
because
65%
don't
64%
oh
64%
(oh
64%
stand
64%
what
64%
should
62%
too
62%
true
60%
changed
57%
through
57%
knew
55%
put
55%
wanna
54%
stay
53%
I'll
45%
excessories
6%
No matching quizzes found
Score Distribution
Percent of People with Each Score
Percentile by Number Answered
Your Score History
You have not taken this quiz